000 00682nam a2200193Ia 4500
008 151121s9999||||xx |||||||||||||| ||und||
082 _a183/भोंजाळ
082 _bHNW-114979
100 _aभोंजाळ चंद्रकांत- अनु।
245 _aसाक्षीदार
260 _b"लोकवाङमय गृह, मुंबई।"
260 _c2014
300 _a124
600 _aभोंजाळ चंद्रकांत- अनु।
630 _aसाक्षीदार
700 _aभोंजाळ चंद्रकांत- अनु।
730 _aसाक्षीदार
942 _cBOOK
999 _c1263774
_d1263771